00470nam a2200193Ia 4500008004000000020001800040041000800058082001700066100001800083245004800101260004500149300001400194650001100208650001300219650001100232650001600243650000700259650001000266210210b2013 xxu||||| |||| 00| 0 eng d a9789350531228 aeng a361.614 SINS aSINGH (Robin) aSocial security in human rights perspective aNew DelhibCyber Tech Publicationsc2013 aviii, 272 aSocial asecurity arights aperspective ain ahuman